000 00532nam a2200181Ia 4500
003 LK-CoDNM
008 010623t2003 xxu||||| |||| 00| 1 sin d
040 _aLK-CoDNM
_dLK-CoDNM
_eLK-CoDNM
041 _asin
080 _a954.3BRO
100 _aEdirisinha , Padma
_etr.
245 _aකේළොම් පුර පුරාවෘත්තය (1505 - 1972)
246 _aKolompura Pura Vrthaya (1505 - 1972)
260 _bVisedunu
_aBoralasgamuwa
_c2003
300 _b142p,pl, 30 cm
700 _aBrohiyer , R.L.
942 _cBK
999 _c122780
_d122780